Movies by Letter - M - Statistics

General Stats
  • This quiz has been taken 42 times
  • The average score is 9 of 25
Answer Stats
Hint Answer % Correct
1931 Fritz Lang noir/thriller about a child murderer played by Peter Lorre M
100%
British comedy troupe who sought the Holy Grail Monty Python
84%
This company inadvertently provided the catering for the documentary Supersize Me McDonald's
81%
Chico, Harpo, Gummo, Zeppo, and Groucho Marx Brothers
73%
Blonde bombshell who studied with Lee Strasberg Marylin Monroe
62%
What Hermione's parents are, among other things muggles
59%
The studio of the above film and many other musicals MGM
57%
Classic 1927 expressionist Weimar film about the underground workers of a giant city and a robot uprising Metropolis
46%
Don't feed them after midnight! Mogwai
46%
Star of The Hours, Children of Men, The Kids Are All Right, and Still Alice Julianne Moore
41%
Director of the above film--and briefly the husband of its star--plus Gigi and An American in Paris Vincente Minnelli
38%
1944 Judy Garland film about a family in the year before the 1904 World's Exposition Meet Me in St. Louis
35%
2011 Lars von Trier film about a depressed bride and planetary collision Melancholia
32%
Director of Ponyo, Howl's Moving Castle, Princess Mononoke, and Spirited Away Hayao Miyazaki
30%
"John Ford country" in southern Utah/northern Arizona Monument Valley
27%
1988 film by the above about two sisters and their furry friends My Neighbor Totoro
24%
Early French director who popularized fantasy and effects in films like A Trip to the Moon (1902) George Méliès
22%
A Disney animated film and Robert Flaherty documentary Moana
16%
Low-cost indie genre of the early 2000s, like The Puffy Chair, Nights and Weekends, Mutual Appreciation, and Hannah Takes the Stairs mumblecore
16%
Director of documentaries The Thin Blue Line, The Fog of War, Standard Operating Procedure, and The Unknown Known Errol Morris
14%
Director of Ugetsu, The Life of Oharu, Sansho the Bailiff, and Princess Yang Kwei-fei Kenji Mizoguchi
14%
Experimental French documentary director of La Jetée and Sans Soleil Chris Marker
11%
Experimental filmmaker Maya Deren's best-known film, from 1943 Meshes of the Afternoon
8%
Iranian director of Close-Up, Gabbeh, Kandahar, The President, and A Moment of Innocence Mohsen Makhmalbaf
5%
Scottish-Canadian animator of Neighbors, Begone Dull Care, and Blinkity Blank Norman McLaren
5%
No matching quizzes found
Score Distribution
Percent of People with Each Score
Percentile by Number Answered
Your Score History
You have not taken this quiz